Linky plné videa Na návšteve po pol roku

Podrobná bibliografia
Hlavní autori: Holenda, Stanislav (Autor), Turis, Juraj (Autor)
Médium: Článok
Jazyk:slovenčina
Fyzický popis:Obr. 4.
Predmet:

MARC

LEADER 00000nab a2200000 a 4500
001 vtls000344748
003 SK-MaSNL
005 20260303203402.0
008 111201c1989 xo 0 slo
015 |a SNBRB19rr/mm-uuuuu 
035 |a CL0344870 
040 |a SNKBUCL  |b slo  |c SNKBUCL  |e AACR2 
041 0 |a slo 
044 |a xo  |c SK 
080 |a 681.846.7(086.8)  |2 1981 
100 1 |a Holenda, Stanislav  |4 aut  |9 399211 
245 1 0 |a Linky plné videa  |b Na návšteve po pol roku  |c Stanislav Holenda, Juraj Turis 
300 |b Obr. 4. 
650 0 7 |a videorekordéry  |2 snkbucl  |9 70245 
650 0 7 |a Avex, a.s., Bratislava  |2 snkbucl  |9 1183538 
651 7 |a 5100  |2 snkbucl  |9 166206 
655 7 |a články z novín a časopisov  |2 snkbucl  |9 267496 
700 1 |a Turis, Juraj  |4 aut  |9 267882 
773 0 |t Televízia  |g Roč. 24, č. 1 (1989), s. 4-5 
850 |a Slovenská národná knižnica v Martine  |a MTA001 
852 |a SNK  |b KIS3GCP 
958 |a RK 
992 |a RBX 
999 |c 2185099  |d 2187029